Keep it simple (Record no. 74119)

MARC details
000 -LEADER
fixed length control field 01332cab a2200217 4500
001 - CONTROL NUMBER
control field ABS67397
008 - FIXED-LENGTH DATA ELEMENTS--GENERAL INFORMATION
fixed length control field 040205n2004 000 0 eng u
035 ## - SYSTEM CONTROL NUMBER
System control number (Sirsi) u125044
100 ## - MAIN ENTRY--PERSONAL NAME
Personal name Clark, R.
245 ## - TITLE STATEMENT
Title Keep it simple
260 ## - PUBLICATION, DISTRIBUTION, ETC.
Date of publication, distribution, etc. 2004
490 ## - SERIES STATEMENT
Series statement Premises and Facilities Management
Volume/sequential designation January 2004 23-24(2)
520 ## - SUMMARY, ETC.
Summary, etc. Discussion about the poor performance of many buildings. Points out that the design engineer is often sidelined in the construction or refurbishment process at the expense of the developer or contractor, but if mistakes are made responsibility will often come back to the designer. Argues that commissioning needs to take place at all stages of the design process from concept, installation and pre-commissioning through performance testing and final handover. This is especially important in buildings such as hospitals and prisons which are in use 24 hours a day. Gives some key rules for making the commissioning engineer's job easier and to help reduce conflict, including the minimising of on site commissioning and the review of design information.
590 ## - LOCAL NOTE (RLIN)
Local note ABS
650 ## - SUBJECT ADDED ENTRY--TOPICAL TERM
Topical term or geographic name entry element BUILDING PERFORMANCE
650 ## - SUBJECT ADDED ENTRY--TOPICAL TERM
Topical term or geographic name entry element Block management
9 (RLIN) 6220
650 ## - SUBJECT ADDED ENTRY--TOPICAL TERM
Topical term or geographic name entry element BUILT ENVIRONMENT-CONSTRUCTION DESIGN
650 ## - SUBJECT ADDED ENTRY--TOPICAL TERM
Topical term or geographic name entry element REDESIGN
690 ## - LOCAL SUBJECT ADDED ENTRY--TOPICAL TERM (OCLC, RLIN)
Topical term or geographic name as entry element BUILT ENVIRONMENT-CONSTRUCTION DESIGN
942 ## - ADDED ENTRY ELEMENTS (KOHA)
Suppress in OPAC 0
Holdings
Withdrawn status Lost status Source of classification or shelving scheme Damaged status Not for loan Home library Current library Shelving location Date acquired Total Checkouts Full call number Barcode Date last seen Copy number Price effective from Koha item type
    Dewey Decimal Classification     London London Journal article 05/02/2004   ABS67397 125044-1001 06/08/2019 1 06/08/2019 Journal article